00277nam a2200097Ia 4500008004100000082001500041100001400056245004600070260005300116300001000169150201s2008 xx 000 0 und d a5.133bPAT aPatel,R.B aFundamentals of computer programming in C bKhanna Books Publishing Co. Ltd.aN. Delhic2008 a962p.